Guide to company law procedures: (Record no. 158429)
[ view plain ]
| 000 -LEADER | |
|---|---|
| fixed length control field | 01374nam a22002417a 4500 |
| 005 - DATE AND TIME OF LATEST TRANSACTION | |
| control field | 20181029123212.0 |
| 010 ## - LCCN (DPL NO) | |
| LC control number | ENG-124392-95 |
| 020 ## - INTERNATIONAL STANDARD BOOK NUMBER | |
| Terms of availability | 10500.00 (Set of 4 vols.) |
| International Standard Book Number | 9789386515612 (ISBN for complete set) |
| 035 ## - SYSTEM CONTROL NUMBER | |
| System control number | EN-107924-27 |
| 037 ## - SOURCE OF ACQUISITION | |
| Source of stock number/acquisition | DBAD/PUB |
| 082 ## - DEWEY DECIMAL CLASSIFICATION NUMBER | |
| Classification number | 346.54066 |
| 100 ## - MAIN ENTRY--PERSONAL NAME | |
| Personal name | Bhandari, M C |
| 245 ## - TITLE STATEMENT | |
| Title | Guide to company law procedures: |
| Statement of responsibility, etc | by M C Bhandari; gen.ed. by Savithri Parekh; spc.ed.by Aditya Vikram Bhat....[et..all.] |
| Remainder of title | procedures, rules, compliances and governance under the companies act, 2013 / |
| 250 ## - EDITION STATEMENT | |
| Edition statement | 24th ed. |
| 260 ## - PUBLICATION, DISTRIBUTION, ETC. (IMPRINT) | |
| Place of publication, distribution, etc | Gurgaon |
| Name of publisher, distributor, etc | Lexis Nexis |
| Date of publication, distribution, etc | 2018 |
| 270 ## - ADDRESS | |
| Address | 14th floor,Building No-10, Tower-B,DLF Cyber City Phase-11 |
| City | Gurgaon |
| Postal code | 122002 |
| 300 ## - PHYSICAL DESCRIPTION | |
| Extent | 4 vols. (xlv, various paging: cxvii, various paging; xcvi, various paging; xliii, various paging) |
| Dimensions | 25cm(Hb) |
| Other physical details | ill. |
| 500 ## - GENERAL NOTE | |
| General note | It includes subject index |
| 505 ## - FORMATTED CONTENTS NOTE | |
| Formatted contents note | vol. 1 - Procedures under the Companies Act, 2013 and Regulations issued by SEBI, RBI and other regulatory bodies<br/>vol. 2 - Company Resolutions, Agenda and Meetings, Notices and Minutes<br/>vol. 3 - Rules under the Companies Act, 2013, E-form, Returns, Applications and Petitions<br/>vol. 3 - Company Procedures, Agreements, Deeds, and Documentation with Practice Notes |
| 700 ## - ADDED ENTRY--PERSONAL NAME | |
| Personal name | Parekh, Savithri |
| 700 ## - ADDED ENTRY--PERSONAL NAME | |
| Personal name | Bhat, Aditya Vikram |
| 942 ## - ADDED ENTRY ELEMENTS (KOHA) | |
| Source of classification or shelving scheme | Dewey Decimal Classification |
| Item type | English Books |
| Call number suffix | BHA |
| Classification part | 346.54066 |
| Withdrawn status | Lost status | Materials specified (bound volume or other part) | Not for loan | Collection code | Home library | Current library | Date acquired | Source of acquisition | Cost, normal purchase price | Full call number | Barcode | Copy number | Cost, replacement price | Koha item type |
|---|---|---|---|---|---|---|---|---|---|---|---|---|---|---|
| Vol.1 | Not For Loan | Non-fiction | D.B.Act.Division | Bawana | 29/10/2018 | DBAD/PUB | 10500.00 | 346.54066 BHA | EN-107924 | 1 | 10500.00 | English Books | ||
| Vol.2 | Not For Loan | Non-fiction | D.B.Act.Division | Bawana | 29/10/2018 | DBAD/PUB | 10500.00 | 346.54066 BHA | EN-107925 | 1 | 10500.00 | English Books | ||
| Vol.3 | Not For Loan | Non-fiction | D.B.Act.Division | Bawana | 29/10/2018 | DBAD/PUB | 10500.00 | 346.54066 BHA | EN-107926 | 1 | 10500.00 | English Books | ||
| Vol.4 | Not For Loan | Non-fiction | D.B.Act.Division | Bawana | 29/10/2018 | DBAD/PUB | 10500.00 | 346.54066 BHA | EN-107927 | 1 | 10500.00 | English Books |
